Fortunata y Jacinta
Kaydedildi:
| Yazar: | |
|---|---|
| Materyal Türü: | Kitap |
| Dil: | İspanyolca |
| Baskı/Yayın Bilgisi: |
Madrid
Hernando
1979
|
| Edisyon: | 13a. ed |
| Seri Bilgileri: | Novelas Españolas Contemporáneas
|
| Konular: | |
| Etiketler: |
Etiketle
Etiket eklenmemiş, İlk siz ekleyin!
|
MARC
| LEADER | 00000nam a2200000 a 4500 | ||
|---|---|---|---|
| 001 | UCQ2025 | ||
| 003 | CL-VaPUC | ||
| 008 | 980721e19790000SP |||||||||||||||||spa|d | ||
| 082 | 0 | 4 | |a 863 |b PER |2 21 |
| 100 | 0 | |a Pérez Galdós, Benito |e author |9 318144 | |
| 245 | 1 | 0 | |a Fortunata y Jacinta |
| 250 | |a 13a. ed | ||
| 300 | |a 1038 p | ||
| 942 | |c BK | ||
| 945 | |d 19980721 00:00:00 |a lriquelm | ||
| 260 | |a Madrid |b Hernando |c 1979 | ||
| 650 | 0 | |a Novelas españolas |9 265052 | |
| 650 | 0 | |a Literatura española |9 306261 | |
| 583 | |a last modification |c 19980721 00:00:00 |k Rodrigo Vera | ||
| 490 | 0 | |a Novelas Españolas Contemporáneas | |
| 999 | |c 272867 |d 272865 | ||
| 952 | |0 0 |1 0 |4 0 |6 863_000000000000000_PER_1979 |7 0 |8 A |9 308071 |a BIBEDU |b BIBEDU |d 2019-11-20 |i 1440705 |l 1 |m 2 |o 863 PER 1979 |p 1440705 |r 2022-04-18 |s 2022-04-05 |w 2019-11-20 |y BK |k LIT | ||